000 00703nam a2200217Ia 4500
001 8929
003 GE_BSU
008 181216s||||||||xx |||||||||||||| ||und||
040 _cGE_BSU
100 _aკეჭაღმაძე,გიორგი
245 _aჩემი პატარა ლანდი
245 _bრომანი
245 _cრედ.ნ.ლორთქიფანიძე. მხატვ. მ.ოსიტაშვილი
260 _aთბილისი
260 _bნაკადული
260 _c1971
300 _a210გვ.20სმ.
653 _aრომანი
653 _aჩემი პატარა ლანდი
942 _cBK
999 _c42234
_d42234